00489 a2200121 4500001001000000005001700010008004100027245003000068100002000098700001900118773021300137999001700350ART_4309720260410161737.0260409a 10aCrecimiento bajo protesta1 aGoldín, Pablo1 aFraga, Rosendo0 tEjecutivos de finanzasgPreparando a la empresa para enfrentar los nuevos desafíos. Finanzas e identidad en la aldea global. Pymes francesas frente a la transición - Año 13, Nº 138 (ago. 1997)wREV2863 c18432d18432